000 00319nam a2200109Ia 4500
008 200302s9999 xx 000 0 und d
100 _aMargaret Portillo
245 _aColor planning for interiors an integrated approach to color in designed spaces
260 _bJohn Willey and Sons Inc.
260 _c2009
300 _a212
999 _c6748
_d6748